National Skills Academy for Construction (Record no. 106091)
[ view plain ]
| 000 -LEADER | |
|---|---|
| fixed length control field | 00932cam a2200181 4500 |
| 001 - CONTROL NUMBER | |
| control field | ##L135536 |
| 008 - FIXED-LENGTH DATA ELEMENTS--GENERAL INFORMATION | |
| fixed length control field | 061106n 000 0 eng u |
| 035 ## - SYSTEM CONTROL NUMBER | |
| System control number | (Sirsi) u135536 |
| 041 0# - LANGUAGE CODE | |
| Language code of text/sound track or separate title | eng |
| 110 2# - MAIN ENTRY--CORPORATE NAME | |
| Corporate name or jurisdiction name as entry element | ConstructionSkills |
| 9 (RLIN) | 5077 |
| 245 00 - TITLE STATEMENT | |
| Title | National Skills Academy for Construction |
| 520 ## - SUMMARY, ETC. | |
| Summary, etc. | Provides information about the purpose, scope and benefits of the National Skills Academy for Construction. The Academy's main focus is to establish project-based training centres on all major construction projects and to set up regional partnerships in the nine English regions and the devolved administrations of Scotland, Wales and Northern Ireland. |
| 590 ## - LOCAL NOTE (RLIN) | |
| Local note | IKA141106 |
| 651 #4 - SUBJECT ADDED ENTRY--GEOGRAPHIC NAME | |
| Geographic name | United Kingdom |
| Chronological subdivision | |
| 690 ## - LOCAL SUBJECT ADDED ENTRY--TOPICAL TERM (OCLC, RLIN) | |
| Topical term or geographic name as entry element | CAREERS, EDUCATION AND TRAINING |
| 856 40 - ELECTRONIC LOCATION AND ACCESS | |
| Uniform Resource Identifier | <a href="https://www.constructionskills.net/strategicinitiatives/nationalskillsacademy">https://www.constructionskills.net/strategicinitiatives/nationalskillsacademy</a> |
| Public note | View the website free of charge at www.constructionskills.net... |
| 942 ## - ADDED ENTRY ELEMENTS (KOHA) | |
| Suppress in OPAC | 0 |
| Withdrawn status | Lost status | Source of classification or shelving scheme | Damaged status | Not for loan | Home library | Current library | Shelving location | Date acquired | Total Checkouts | Full call number | Barcode | Date last seen | Copy number | Price effective from | Koha item type |
|---|---|---|---|---|---|---|---|---|---|---|---|---|---|---|---|
| Dewey Decimal Classification | Virtual | Virtual | Online | 06/11/2006 | WEB SITE | 135536-2001 | 06/08/2019 | 1 | 06/08/2019 | Online material |